Península ibérica / (Registro nro. 77957)

Detalles MARC
000 -LEADER
campo de control de longitud fija 00985nam a2200277 i 4500
001 - NÚMERO DE CONTROL
campo de control 77957
003 - IDENTIFICADOR DE NÚMERO DE CONTROL
campo de control ES-MaACL
005 - FECHA Y HORA DE LA ÚLTIMA TRANSACCIÓN
campo de control 20251009165406.0
007 - CAMPO FIJO DE DESCRIPCIÓN FÍSICA--INFORMACIÓN GENERAL
campo de control de longitud fija t|
008 - DATOS DE LONGITUD FIJA--INFORMACIÓN GENERAL
campo de control de longitud fija 041116s1921 sp ||||1| spa d
080 ## - NÚMERO DE LA CLASIFICACIÓN DECIMAL UNIVERSAL
Número de la Clasificación Decimal Universal 55(460)
080 ## - NÚMERO DE LA CLASIFICACIÓN DECIMAL UNIVERSAL
Número de la Clasificación Decimal Universal 913(460)
100 1# - ENTRADA PRINCIPAL--NOMBRE DE PERSONA
Nombre de persona Vidal de La Blache, Paul.
9 (RLIN) 114479
245 10 - MENCIÓN DEL TÍTULO
Título Península ibérica /
Mención de responsabilidad, etc. P. Vidal de la Blache y P. Camena d'Almeida ; adaptado a las necesidades de España y América por Antonio Blázquez.
250 ## - MENCION DE EDICION
Mención de edición 2ª ed. cuidosamente corr.
260 ## - PUBLICACIÓN, DISTRIBUCIÓN, ETC.
Lugar de publicación, distribución, etc. Barcelona :
Nombre del editor, distribuidor, etc. [s.n.],
Fecha de publicación, distribución, etc. 1921 (
Fabricante Sucesores de Juan Gili)
300 ## - DESCRIPCIÓN FÍSICA
Extensión 618 p. :
Otras características físicas il., mapas ;
Dimensiones 18 cm.
490 1# - MENCIÓN DE SERIE
Mención de serie Curso de geografía ;
Designación de volumen o secuencia 3
650 #4 - PUNTO DE ACCESO ADICIONAL DE MATERIA--TÉRMINO DE MATERIA
Término de materia o nombre geográfico como elemento de entrada Geología-
Subdivisión geográfica España.
9 (RLIN) 138819
651 #4 - PUNTO DE ACCESO ADICIONAL DE MATERIA--NOMBRE GEOGRÁFICO
Nombre geográfico España-
Subdivisión general Geografía.
9 (RLIN) 8200
700 1# - ENTRADA AGREGADA--NOMBRE PERSONAL
Nombre de persona Camena d'Almeida, Pierre,
Fechas asociadas al nombre 1865-1943
9 (RLIN) 34052
700 1# - ENTRADA AGREGADA--NOMBRE PERSONAL
Nombre de persona Blázquez, Antonio,
Fechas asociadas al nombre 1859-1950
9 (RLIN) 29437
830 1# - PUNTO DE ACCESO ADICIONAL DE SERIE-TÍTULO UNIFORME
Título uniforme Curso de geografía ;
Designación de volumen o secuencia 3
9 (RLIN) 231376
852 ## - LOCALIZACIÓN
Ubicación ES-MaACL
Número de control de estantería E-10407
Existencias
Estatus retirado Estado de pérdida Estado de daño No para préstamo Biblioteca de origen Biblioteca actual Ubicación en estantería Fecha de adquisición Fuente de adquisición Total de préstamos Signatura topográfica completa Código de barras Visto por última vez Precio de reemplazo Tipo de ítem Koha
        Biblioteca del Ateneo de Madrid Biblioteca del Ateneo de Madrid Depósito 2 17/01/2008     E-10407 1081554 23/02/2023 23/02/2023 Libro impreso